Hegel's logic : Being part one of the Encyclopaedia of the philosophical sciences (1830)
Philosophy misses an advantage enjoyed by the other sciences. It cannot like them rest the existence of its objects on the natural admissions of consciousness, nor can it assume that its method og cognition, either for starting or for continuing, is one already accepted
সংরক্ষণ করুন:
| প্রধান লেখক: | |
|---|---|
| বিন্যাস: | গ্রন্থ |
| ভাষা: | Undetermined |
| প্রকাশিত: |
Oxford
Clarendon Press
1975
|
| বিষয়গুলি: | |
| ট্যাগগুলো: |
ট্যাগ যুক্ত করুন
কোনো ট্যাগ নেই, প্রথমজন হিসাবে ট্যাগ করুন!
|
| Thư viện lưu trữ: | Trung tâm Học liệu Trường Đại học Cần Thơ |
|---|
| LEADER | 00930nam a2200217Ia 4500 | ||
|---|---|---|---|
| 001 | CTU_222065 | ||
| 008 | 210402s9999 xx 000 0 und d | ||
| 020 | |c 29.85 | ||
| 082 | |a 160 | ||
| 082 | |b H462 | ||
| 100 | |a Hegel, Georg Wilhelm Friedrich | ||
| 245 | 0 | |a Hegel's logic : | |
| 245 | 0 | |b Being part one of the Encyclopaedia of the philosophical sciences (1830) | |
| 245 | 0 | |c Translated by William Wallace ; with a foreword by J. N. Findlay | |
| 260 | |a Oxford | ||
| 260 | |b Clarendon Press | ||
| 260 | |c 1975 | ||
| 520 | |a Philosophy misses an advantage enjoyed by the other sciences. It cannot like them rest the existence of its objects on the natural admissions of consciousness, nor can it assume that its method og cognition, either for starting or for continuing, is one already accepted | ||
| 650 | |a Logic,Logic | ||
| 904 | |i Nguyễn An Khang,Hải | ||
| 980 | |a Trung tâm Học liệu Trường Đại học Cần Thơ | ||